00816nam a2200169 4500001000700000003000900007007000300016008004100019100003900060245010700099260008000206300002200286490012100308710006400429830012100493852003200614148604ES-MaACLt|070214s1982 sp r ||||1| spa d1 aSuárez Alvarez, María Jesús.13aLa villa de Talavera y su tierra en la Edad Media b: (1369-1504) /cMaría Jesús Suárez Alvarez. aOviedo : bUniversidad de Oviedo. Departamento de Historia Medieval,c1982. a438 p. ; c25 cm.1 aUniversidad de Oviedo. Departamento de Historia Medieval. Publicaciones del departamento de Historia Medieval ; v102 aUniversidad de Oviedo. bDepartamento de Historia Medieval.0 aUniversidad de Oviedo. Departamento de Historia Medieval. Publicaciones del departamento de Historia Medieval ; v10 aES-MaACLjL-6512 bR.106685